000 00769nam a22002177a 4500
005 20220330080443.0
008 220330b mx ||||| |||| 00| 0 spa d
050 0 4 _aHC135
_bP66 1971
110 1 _aUniversidad Nacional Autónoma de México. Facultad de Ciencias Políticas y Sociales
245 0 4 _aLos problemas nacionales /
_cLeopoldo Solis M...[et al.].
250 _a1a ed.
260 _aMéxico :
_bUniversidad Nacional Autónoma de México,
_c1971
300 _a201 p. ;
_c21 cm.
490 0 _aEstudios,
_vNo. 23
650 4 _aMéxico
_xPolítica fiscal
650 4 _aMéxico
_xPolítica económica
700 1 _ade Navarrete,Ifigenia M.,
_eautor
700 1 _aRetchkiman K.,Benjamín,
_eautor
700 1 _aLabastida,Horacio,
_eautor
942 _2lcc
_cLIB
999 _c161393
_d161391